Religion catholique : le linceul de Jésus Christ - Statistiques

Statistiques générales
  • Ce quiz a été pris 51 fois
  • Le résultat moyen est 6 sur 16
Statistiques - réponses
Questions Réponses % Correct
Autre nom du linceul qui est en réalité impropre puisqu'il désigne en réalité une serviette enveloppée autour de la tête d'un défunt et non un drap mortuaire qui recouvre un cadavre entier ce qui est bien la définition d'un linceul. Le saint ____. Suaire
84%
Matière textile dont est fait le linceul. Le lin
80%
Ville d'Italie dans laquelle se trouve actuellement le linceul et ce depuis le 14 septembre 1578. Turin
64%
Capitale de l'Empire romain d'Orient où se trouvait certainement le linceul au moment du siège de la ville par les Croisés en 1204. Il a alors été repris par le Croisé franc-comtois Othon de la Roche. Constantinople
60%
Ville de la Côte d'Azur où le linceul est conservé de 1538 à 1543. Nice
49%
Méthode de datation radiométrique qui donnerait une origine médiévale au linceul (XIIIe et XIVe siècle) et dont les résultats sont contestés. La datation par le carbone 14
44%
Groupe sanguin relativement rare des tâches de sang retrouvées sur le linceul. AB
42%
Personnage biblique qui selon les quatre Évangiles, a enveloppé le corps du Christ d'un linceul (sindon en grec) blanc qu'il avait préalablement acheté (Marc 15.46) avant de Le déposer dans un sépulcre neuf qui avait été taillé dans le roc. Saint Joseph d'Arimathie
42%
Le 28 mai 1898, le photographe amateur Secondo Pia prend la première photographie du linceul. Lors du développement, il fut stupéfait de constater que l'image du suaire est elle-même, en quelque sorte, un _____ du fait que les valeurs de luminance et de chrominance sont inversées par rapport à la source. Négatif
33%
Capitale aujourd'hui française de cet ancien duché, où le linceul fut exposé dans la Sainte-Chapelle de 1452 à 1578 si ce n'est pour un bref intermède entre 1536 et 1543. Chambéry
24%
Duché dont le duc Louis Ier fut le propriétaire du linceul à partir de 1453. La Savoie
24%
Capitale balkanique où Othon de la Roche fonda un duché en 1204/1205. Le linceul se trouva alors dans cette ville. Athènes
20%
Région historique et culturelle française (ancienne province et ancienne région jusque 2006) où se situe Lirey, ville où se tinrent les premières expositions publiques du linceul au XIVe siècle. La Champagne
20%
Ville du nord de l'Espagne dans laquelle on retrouve un morceau de tissu qui a effectivement recouvert le visage du Christ après sa crucifixion et qui est désigné par le terme précédent. Oviedo
16%
langue d'Europe centrale dans laquelle a été écrite le Codex de Pray. Il s'agit plus vieux texte écrit dans cette langue, entre 1192 et 1195. D'après Pierluigi Baima Bollone, il contient une illustration du linceul. Le hongrois
13%
Pierre calcaire nommée d'après une région autonome d'Espagne et que l'on a retrouvé au niveau du nez, des pieds et du genou de l'Homme qui a été recouvert par le linceul. Cette pierre existe dans la région de Jérusalem ainsi que dans d'autres endroits du monde (Espagne, sud de la France, Slovaquie, Bahamas, Maroc, etc.). L'Aragonite
4%
Aucun quiz correspondant
Distribution des résultats
% des personnes avec chaque résultat
Percentile par nombre de réponses
Votre historique - résultats
Vous n’avez pas pris ce quiz